header

High-impact terrorism (Record no. 63074)

MARC details
000 -LEADER
fixed length control field 02370nam a2200409 a 4500
082 04 - DEWEY DECIMAL CLASSIFICATION NUMBER
Classification number 363.3/2
245 10 - TITLE STATEMENT
Title High-impact terrorism
260 ## - PUBLICATION, DISTRIBUTION, ETC. (IMPRINT)
Place of publication Washington, D.C. :
Name of publisher National Academy Press,
Year of publication c2002.
300 ## - PHYSICAL DESCRIPTION
Number of Pages xi, 279 p. :
Other physical details ill.
500 ## - GENERAL NOTE
General note "Committee on Confronting Terrorism in Russia, Office for Central Europe and Eurasia, Development, Security, and Cooperation, Policy and Global Affairs, National Research Council in cooperation with the Russian Academy of Sciences."
General note "The workshop was held in Moscow on June 4-6, 2001"--P. vii.
General note "This study was supported by Grant No. B7075 between the National Academy of Sciences and the Carnegie Corporation of New York"--T.p. verso.
505 0# - FORMATTED CONTENTS NOTE
Formatted contents note Terrorism and the law -- Biological terrorism -- Chemical terrorism -- Nuclear terrorism -- Explosives terrorism -- Cyberterrorism -- Agricultural terrorism -- Future trends and international cooperation in the struggle against modern terrorism.
650 #0 - SUBJECT ADDED ENTRY--TOPICAL TERM
Topical Term Terrorism
Topical Term Terrorism
Topical Term Bioterrorism
Topical Term Weapons of mass destruction
Topical Term Cyberterrorism
856 40 - ELECTRONIC LOCATION AND ACCESS
Uniform Resource Identifier http://site.ebrary.com/lib/rucke/Doc?id=10032440

No items available.

© 2026 Rongo University
Contact us: librarian | system librarian | Rongo university